Space Bar Challenge (clickable) Quiz Stats

Quiz not verified by Sporcle

Challenge
Share
Tweet
Embed
Score 0/69 Timer 00:30
3 Plays Today
% Correct
87.8%
85.9%
85.7%
85%
85%
83.7%
81.9%
81.4%
80.2%
78.5%
77.7%
75.3%
73.6%
71.7%
68.7%
66.8%
64.8%
64%
63.9%
63.9%
63.9%
63.9%
63.4%
63.3%
63.3%
63.2%
62.7%
62.5%
62.3%
61.2%
61.1%
60.9%
59.4%
59%
57.2%
% Correct
57%
55.4%
54.8%
53.5%
53%
52.7%
52%
51.6%
51%
49.7%
49.6%
48.9%
48.2%
47.5%
47.5%
47.4%
47.4%
47%
46.8%
46.2%
46.1%
45.9%
45.2%
45.2%
44.5%
44.3%
42.5%
40.3%
38.5%
37.7%
36.2%
34.8%
34.1%
33.1%

You're not logged in!

Compare scores with friends on all Sporcle quizzes.
Join for Free
OR
Log In

You Might Also Like...

Show Comments

Extras

Created Sep 14, 2013ReportNominate
Tags:Clickable Quiz, bar, challenge, space

Top Quizzes Today


Score Distribution

Your Account Isn't Verified!

In order to create a playlist on Sporcle, you need to verify the email address you used during registration. Go to your Sporcle Settings to finish the process.

Report this User

Report this user for behavior that violates our Community Guidelines.

Details: